01374nam a2200325Ia 4500001001200000003000800012006001900020007001500039008004100054010001700095020001800112020002800130040002100158035002100179050002500200245015000225246001800375260005400393300002500447504006600472533015200538650002800690650003800718650004300756655002900799700004200828700003500870710001700905856012600922ebr10314300CaPaEBRm u cr cn|||||||||950307s1995 maua sb 001 0 eng d z 95010457  z9780674773073 z0674773047 (alk. paper) aCaPaEBRcCaPaEBR a(OCoLC)64681172014aRA427.3b.R58 1995eb00aRisk versus riskh[electronic resource] :btradeoffs in protecting health and the environment /cedited John D. Graham and Jonathan Baert Wiener.3 aRisk vs. risk aCambridge, MA :bHarvard University Press,c1995. axiii, 337 p. :bill. aIncludes bibliographical references (p. 273-317) and indexes. aElectronic reproduction.bPalo Alto, Calif. :cebrary,d2009.nAvailable via World Wide Web.nAccess may be limited to ebrary affiliated libraries. 0aHealth risk assessment. 0aHealth behaviorxDecision making. 0aEnvironmental healthxDecision making. 7aElectronic books.2local1 aGraham, John D.q(John David),d1956-1 aWiener, Jonathan Baert,d1962-2 aebrary, Inc.40uhttp://site.ebrary.com/lib/rucke/Doc?id=10314300zAn electronic book accessible through the World Wide Web; click to view